Technostressz egy kereskedelmi vállalatnál
| Szerző: | |
|---|---|
| További közreműködők: | |
| Dokumentumtípus: | Záródolgozat |
| Kulcsszavak: | digitális jóllét információs és kommunkiációs technológia (IKT) munka-magánélet egyensúly munkahelyi mentálhigiéné technostressz |
| Online Access: | http://dolgozattar.uni-bge.hu/60000 |
MARC
| LEADER | 00000nta a2200000 i 4500 | ||
|---|---|---|---|
| 001 | dolg60000 | ||
| 005 | 20260409145844.0 | ||
| 008 | 260409suuuu hu o 000 hun d | ||
| 040 | |a BGE Dolgozattár Repozitórium |b hun | ||
| 041 | |a hu | ||
| 100 | 1 | |a Németh Mária | |
| 245 | 1 | 0 | |a Technostressz egy kereskedelmi vállalatnál |c Németh Mária |h [elektronikus dokumentum] |
| 516 | |a Final_paper | ||
| 520 | 3 | |a A szakdolgozatomban a technostressz kettős hatását vizsgáltam egy magyarországi értékesítési iroda dolgozóinak körében. Célom az volt, hogy feltárjam, milyen mértékben élnek meg technostresszt a munkatársak, és van-e kimutatható pozitív hatása a technostressznek a digitális készségek feljesztésére és a munka hatékonyságára. Az adatgyűjtéshez az ICT-Enabled Innovation innovációra vonatkozó tételeit és a Work-Related Technostress Questionnaire kérdőívet használtam. Az eredmények alapján a technostressz nemcsak megterhelést, hanem fejlődési lehetőséget is jelenthet a dolgozók számára. A dolgozat gyakorlati javaslatokat is tartalmaz a technostressz hatékony kezelésére. | |
| 695 | |a digitális jóllét | ||
| 695 | |a információs és kommunkiációs technológia (IKT) | ||
| 695 | |a munka-magánélet egyensúly | ||
| 695 | |a munkahelyi mentálhigiéné | ||
| 695 | |a technostressz | ||
| 700 | 1 | |a Heitlerné Lehoczky Mária |e ths | |
| 856 | 4 | 0 | |u http://dolgozattar.uni-bge.hu/60000/1/BGE_Szakdolgozat_N%C3%A9meth%20M%C3%A1ria_D1MMLS_nyilatkozattal.pdf |z Dokumentum-elérés |
| 856 | 4 | 0 | |u http://dolgozattar.uni-bge.hu/60000/2/N%C3%A9meth%20M%C3%A1ria_belso_biralat.pdf |z Dokumentum-elérés |
| 856 | 4 | 0 | |u http://dolgozattar.uni-bge.hu/60000/3/N%C3%A9meth%20M%C3%A1ria.pdf |z Dokumentum-elérés |